000 00345nam a2200121 a 4500
008 111026s1991|||| d
100 1 _aTrebenová, Maria
245 1 0 _aLiečivé rastliny z božej záhrady
_bPrírodné recepty pre chorých aj zdravých
260 _bMotýľ
_aBratislava
_c1991
020 _c33
041 _aslo
044 _axo
_cSK
999 _c19845
_d19845